• 首页
  • 本馆介绍
  • 公告通知
  • 最新文献
  • 馆藏检索
  • 电子资源
  • 读者导购
  • 参考咨询
  • 我的图书馆
  • 登录
  • 详细信息显示
  • 放入我的书架
  • 预约/预借图书
  • 作者相关作品
  • 分类相关作品
  • 丛书相关作品
  • 出版社相关作品

书目信息

  • 表格格式
  • 工作单格式
  • 卡片格式
题名:
肉羊养殖与防疫实用技术
    
 
作者: 鲍俊杰 , 张艳玲 主编
分册:  
出版信息: 北京   中国农业科学技术出版社  2014
页数: 226页
开本: 21cm
丛书名:
单 册:
中图分类: S826.9 , S858.26
科图分类:
主题词: 肉用羊--饲养管理--职业培训--教材 , 羊病--防治--职业培训--教材 , 肉用羊 , 羊病
电子资源:
ISBN: 978-7-5116-1683-8
000 01000nam0 2200301 450
001 012015000023
005 20150914164015.95
010    @a978-7-5116-1683-8@dCNY22.00
100    @a20140916d2014 em y0chiy50 ea
101 0  @achi
102    @aCN@b110000
105    @aa z 000yy
106    @ar
200 1  @a肉羊养殖与防疫实用技术@Arou yang yang zhi yu fang yi shi yong ji shu@f鲍俊杰,张艳玲主编
210    @a北京@c中国农业科学技术出版社@d2014
215    @a226页@c图@d21cm
300    @a新型职业农民培训系列教材
330    @a本书着重介绍肉羊品种、繁育、日粮配合、羊的饲养管理和肉羊快速育肥技术,羊舍建设,常见病预防与治疗以及羊场的无害化处理技术等内容。
606 0  @a肉用羊@x饲养管理@x职业培训@j教材
606 0  @a羊病@x防治@x职业培训@j教材
606 0  @a肉用羊
606 0  @a羊病
690    @aS826.9@v5
690    @aS858.26@v5
701  0 @a鲍俊杰@Abao jun jie@4主编
701  0 @a张艳玲@Azhang yan ling@4主编
801  0 @aCN@b碧洲教育@c20150716
905    @a10447@f4@dS826.9@e112
    
    肉羊养殖与防疫实用技术/鲍俊杰,张艳玲主编.-北京:中国农业科学技术出版社,2014
    226页:图;21cm
    新型职业农民培训系列教材
    
    ISBN 978-7-5116-1683-8:CNY22.00
    本书着重介绍肉羊品种、繁育、日粮配合、羊的饲养管理和肉羊快速育肥技术,羊舍建设,常见病预防与治疗以及羊场的无害化处理技术等内容。
●
相关链接 在E读中查询图书 在五车中查询图书 在当当中查询图书 在豆瓣中查询图书


正题名:肉羊养殖与防疫实用技术     索取号:S826.9/112         预约/预借

序号 登录号 条形码 馆藏地/架位号 状态 备注
1 0870908   208709085   第二样本阅览室/ [索取号:S826.9/112] 在馆    
2 0870909   208709094   第三借阅区/ [索取号:S826.9/112] 在馆    
3 0870910   208709101   第三借阅区/ [索取号:S826.9/112] 在馆    
4 0870911   208709110   密集书库-生命科学系/ [索取号:S826.9/112] 在馆    
唐山师范学院图书馆 欢迎您!
大连网信软件有限公司© 版权所有